000 00645nam a22002057a 4500
999 _c14489
_d14489
003 MIRAKIL
005 20211214000620.0
008 210817b tu ||||| |||| 00| 0 tur d
020 _a9756448385
040 _aTR-AnCHP
_cTR-AnCHP
041 _aTur
082 _a320.9561
_bE65y 2004
100 _aErişçi, Çelik
245 1 0 _aYumuşakçalar ve diplomasi /
_cÇelik Erişçi.
260 _a İstanbul :
_bToplumsal Dönüşüm Yayınları,
_c2004.
300 _a268 s.:
_c19 sm.
490 0 _aToplumsal Dönüşüm Yayınları ;
_aAraştırma ve İnceleme ;
_v240.
_v82.
650 0 _aSiyaset ve yönetim
_xTürkiye
_99
942 _2ddc
_cBKS